<?xml version="1.0" encoding="UTF-8"?>
<marc:record xmlns:marc="http://www.loc.gov/MARC21/slim">
   <marc:leader>00000nam a2200000 a 4500</marc:leader>
   <marc:datafield ind1="1" ind2=" " tag="100">
      <marc:subfield code="a">Young, Pippa</marc:subfield>
      <marc:subfield code="4">aut</marc:subfield>
      <marc:subfield code="e">Verfasser/-in</marc:subfield>
   </marc:datafield>
   <marc:datafield ind1="1" ind2=" " tag="100">
      <marc:subfield code="a">Margineanu, Sandra</marc:subfield>
      <marc:subfield code="4">trl</marc:subfield>
      <marc:subfield code="e">Übersetzer/-in</marc:subfield>
   </marc:datafield>
   <marc:datafield ind1="1" ind2=" " tag="100">
      <marc:subfield code="a">Livanios, Eleni</marc:subfield>
   </marc:datafield>
   <marc:datafield ind1="0" ind2="0" tag="245">
      <marc:subfield code="a">Lena und Samson</marc:subfield>
   </marc:datafield>
   <marc:datafield ind1="0" ind2="0" tag="245">
      <marc:subfield code="c">Pippa Young  ; illustriert von Eleni Livanios</marc:subfield>
   </marc:datafield>
   <marc:datafield ind1=" " ind2="1" tag="264">
      <marc:subfield code="a">Bindlach</marc:subfield>
      <marc:subfield code="b">Loewe</marc:subfield>
      <marc:subfield code="c">2014</marc:subfield>
   </marc:datafield>
   <marc:datafield ind1="1" ind2=" " tag="490">
      <marc:subfield code="a">Ponyhof Apfelblüte</marc:subfield>
   </marc:datafield>
   <marc:datafield ind1=" " ind2=" " tag="250">
      <marc:subfield code="a">1. Aufl.</marc:subfield>
   </marc:datafield>
   <marc:datafield ind1="1" ind2=" " tag="520">
      <marc:subfield code="a">Das Buch ist bei deiner Buchhandlung vor Ort und bei vielen Online-Buchshops erhältlich! &lt;br/&gt;&lt;br/&gt; &lt;br/&gt;&lt;br/&gt;Auf dem Ponyhof Apfelblüte werden Träume wahr. Jedes Mädchen findet sein Lieblingspony, kann mit ihm schmusen, es striegeln und natürlich auf ihm reiten! &lt;br/&gt;&lt;br/&gt; &lt;br/&gt;&lt;br/&gt;Lenas größter Wunsch geht in Erfüllung: Auf dem Ponyhof Apfelblüte kann sie endlich reiten lernen! In das gutmütige Pony Samson hat sie sich sofort verliebt und auch ihre erste Reitstunde macht riesigen Spaß. Nur warum Julia so gemein zu ihr ist, versteht Lena nicht. Dabei wäre es doch so schön, eine neue Freundin zu haben! &lt;br/&gt;&lt;br/&gt;Freundschaften, süße Ponys und spannende Wettkämpfe  der Alltag auf dem Reiterhof wird einfach nie langweilig. Die neue Kinderbuchreihe mit liebevollen Illustrationen vermittelt nebenbei Wissenswertes über Ponys und ist besonders für Mädchen ab 8 Jahren geeignet.</marc:subfield>
   </marc:datafield>
   <marc:datafield ind1=" " ind2=" " tag="020">
      <marc:subfield code="a">9783785578827</marc:subfield>
      <marc:subfield code="9">9783785578827</marc:subfield>
   </marc:datafield>
   <marc:datafield ind1=" " ind2=" " tag="041">
      <marc:subfield code="a">ger</marc:subfield>
   </marc:datafield>
   <marc:datafield ind1=" " ind2=" " tag="300">
      <marc:subfield code="b">Ill.</marc:subfield>
   </marc:datafield>
   <marc:datafield ind1="1" ind2=" " tag="521">
      <marc:subfield code="a">0</marc:subfield>
   </marc:datafield>
   <marc:datafield ind1=" " ind2=" " tag="300">
      <marc:subfield code="a">123 S.</marc:subfield>
   </marc:datafield>
</marc:record>
